|
|
|
|
| LEADER |
01031nam a22003011 4500 |
| 001 |
28202 |
| 003 |
BD-DhAAL |
| 005 |
20190523120401.0 |
| 008 |
141202s1960 maua b 000 0 eng |
| 999 |
|
|
|c 33184
|d 33184
|
| 010 |
|
|
|a 60007362
|
| 020 |
|
|
|a 9780262120043
|
| 020 |
|
|
|a 9780262620017
|
| 040 |
|
|
|a DLC
|c DLC
|d DLC
|d BD-DhAAL
|
| 043 |
|
|
|a n-us---
|
| 050 |
0 |
0 |
|a NA9108
|b .L9
|
| 082 |
0 |
0 |
|a 711.40973
|
| 100 |
1 |
|
|a Lynch, Kevin.
|d 1918-1984.
|9 6428
|
| 245 |
1 |
4 |
|a The image of the city /
|c Kevin Lynch
|
| 260 |
|
|
|a Cambridge [Mass.]
|b MIT Press,
|c 1960.
|
| 300 |
|
|
|a 194 pages :
|b illustrations ;
|c 22 cm.
|
| 490 |
0 |
|
|a Publications of the Joint Center for Urban Studies
|
| 504 |
|
|
|a Includes bibliography.
|
| 526 |
|
|
|a ARC
|
| 541 |
|
|
|e 28202
|
| 650 |
|
0 |
|a City planning
|z United States.
|9 6429
|
| 942 |
|
|
|2 ddc
|c BK
|
| 952 |
|
|
|0 0
|1 0
|2 ddc
|4 0
|6 711_409730000000000_LYN
|7 0
|9 44296
|a BRACUL
|b BRACUL
|c GEN
|d 2014-12-02
|e Karim International
|g 1720.00
|l 11
|m 49
|o 711.40973 LYN
|p 3010028202
|q 2024-12-24
|r 2024-01-28
|s 2024-01-28
|t 1
|w 2014-12-02
|y BK
|